01779nam a22002177a 450000500170000000800410001702000180005804000070007604100120008308200230009510000300011824500580014826000470020630000310025336500600028452011310034465000250147565000190150065000100151970000320152920240921120154.0240920b ||||| |||| 00| 0 eng d a9789390260836 cAL aEnglish 223a338.954 bSUBI aKrishnamurthy Subramanian aIndia@100 : Envisioning Tomorrows Economic Powerhouse aNew DelhibRupa Publications Pvt Ltdc2024 axxii,497 p.bHBc22x14 cm. aBLCR-000030b₹796.00c₹d₹995.00e20%f11-09-2024 aIn India@100: Envisioning Tomorrow’s Economic Powerhouse, Krishnamurthy Subramanian explores this once-in-several-centuries opportunity knocking on India’s doors. With a bold vision grounded in Indian realities, India@100 argues compellingly that India is at an inflection point that cannot be ignored. The country can grow at 8 per cent annually by reforming the economy zealously and doubling down on the sound policies implemented post 2014. Since 2007, when its GDP per capita was equal to India’s current level, China exploited its demographic dividend to grow at about 8 percent for about two decades. Similar growth for the next two decades will make India a $55 trillion economy by 2047. Through meticulous research and insightful analysis, Subramanian explores four key pillars to propel India’s growth: (i) macroeconomic emphasis on growth; (ii) microeconomic focus on social and economic inclusion; (iii) a vision of ethical wealth creation; and (iv) a strategy of a virtuous cycle triggered by investment. Within each pillar, he comprehensively covers the policy choices and the areas that require reform. aBusiness & Economics aMacroeconomic  aIndia aSUBRAMANIAN (Krishnamurthy)